KISSsssssss Double S Song Titles - Statistics

General Stats
  • This quiz has been taken 4 times
  • The average score is 4 of 10
Answer Stats
Hint Answer % Correct
Many die hard KISS fans would have preferred this cover song had not been added to the original nine song track listing kiSSin' time
75%
Whether you like it or not (and many seem to not like it), at least it was placed last on the album then she kiSSed me
75%
This instrumental would have been better received had kept 'Acrobat' attached to it love theme from kiSS
50%
Surprisingly, a lot of KISS fans consider this song worse than the one before it (on the original album track listing) odySSey
50%
This song title is not heard within they lyrics of the song i confeSS
25%
One of Paul's solo album song titles is part of this Peter solo album song title kiSS the girl goodbye
25%
Before your X-ray Eyes will work, you must do this first raise your glaSSes
25%
Five out of six participants consider this 'Danger Us' game to actually be safe ruSSian roulette
25%
This cover song was Peter's featured song on the Dynasty tour toSSin' and turnin'
25%
Are there really any other kind, Gene? true confeSSions
25%
No matching quizzes found
Score Distribution
Percent of People with Each Score
Percentile by Number Answered
Your Score History
You have not taken this quiz